Normal view
MARC view
- Electrical(Electronics) Engineering-Project Report
Entry Topical Term
001 - CONTROL NUMBER
- control field: 112414
003 - CONTROL NUMBER IDENTIFIER
- control field: NUST
005 - DATE AND TIME OF LATEST TRANSACTION
- control field: 20230517193313.0
008 - FIXED-LENGTH DATA ELEMENTS
- fixed length control field: 230517|| aca||aabn | a|a d
040 ## - CATALOGING SOURCE
- Original cataloging agency: NUST
- Transcribing agency: NUST
150 ## - HEADING--TOPICAL TERM
- Topical term or geographic name entry element: Electrical(Electronics) Engineering-Project Report
670 ## - SOURCE DATA FOUND
- Source citation: Work cat.: (NUST)536278: Ghauri, Hamza Rizwan ; Tayyab, Muhammad ; Shahzaib, Rana Muhammad 31339, Monitoring and Alarm System for Patients with Chronic Diseases (MAPCOD) , 2018.
